1280 1821 1773 1576 1565 1414 1612 1882 1914 1769 1170 1565 1925 1630 1379 1038 1633 1168 1390 1546 1826 1881 1816 1985 1533 1553 1891 1150 1277 1888 1123 1316 1787 1162 1229 1131 1668 1492 1774 1212 1229 1011 1885 1934 1942 1819 1749 1821 1620 1712 1691 1904 1856 1842 1872 1938 1821 1220 1110 1867 1977 1117 1821 1261 1922 1289 1817 1970 1587 1301 1866 1560 1187 1391 1935 1350 1943 1636 1406 1202 1870 1940 1684 1358 1721 1730 1898 1273 1068 1383 1922 1914 1201 1626 1447 1936 1320 1003 1786 BCNSPRNW ULIB Ver.6.0+V

เปลี่ยนเป็นภาษาไทย

Change to English
 แสดงรายละเอียดบรรณานุกรม
  กลับหน้าหลัก

Brief Record : Get Marc (ISO 2709) : E-mail record : QR code < ปิดหน้าต่าง
LEADER : 00000nam 2200000uu 4500
001    13399120514
003     ULIB
008    120921s2550||||th 000 0 tha d
020    ^a9789747350982
060 04 ^aWB935^bว844ม ล.2 2550
100 0  ^aวีระชัย วาสิกดิลก
245 10 ^aมหัศจรรย์ธรรมชาติบำบัด 2 /^c[วีระชัย วาสิกดิลก] ;บรรณาธิการ, ปนัดดา แสงธรรมชัย
250    ^aพิมพ์ครั้งที่ 1
260    ^aกรุงเทพฯ :^bเกรท ดีไซน์ แอนด์ พริ้นท์,^c2550
300    ^a128 หน้า :^bภาพประกอบ ;^c19 ซม.
650  7 ^aการรักษาด้วยธรรมชาติ
650  7 ^aการดูแลสุขภาพด้วยตนเอง
650  7 ^aโรค^xการป้องกันและควบคุม
700 0  ^aปนัดดา แสงธรรมชัย,^eบรรณาธิการ
945    ^p150^l0^i14069
995    ^aกัณชพร
999 ^a ใช้งานได้ทุกระบบ
รายการนี้ยังไม่มีแท็ก
คุณยังไม่ได้ล็อกอิน คุณสามารถมีกิจกรรมร่วมกับเว็บไซต์ได้ แต่ต้องล็อกอินก่อน ::
  ล็อกอิน

รายการสื่อสารสนเทศ

ลำดับที่ ประเภท เลขเรียก/บาร์โค้ด สถานที่ สถานะ
1. วิทยาศาสตร์การแพทย์ และสุขภาพ
วิทยาศาสตร์การแพทย์ และสุขภาพ
WB935 ว844ม ล.2 2550  
  Barcode: 14069
ห้องสมุดวิทยาเขตสวรรค์ประชารักษ์
►ส่วนจัดเก็บหนังสือเก่า สปร
บนชั้น
  ขอยืม

รายการใกล้เคียง
    หัวเรื่อง [การรักษาด้วยธรรมชาติ]
    หัวเรื่อง [การดูแลสุขภาพด้วยตนเอง]

BibComment


ยังไม่เคยถูกคอมเมนท์

คอมเมนท์ทรัพยากรรายการนี้
  คอมเมนท์: มหัศจรรย์ธรรมชาต..


 Copyright 2026. Bcnsprnw @Library